Barcelona captains - Statistics

General Stats
  • This quiz has been taken 59 times
  • The average score is 7 of 10
Answer Stats
Hint Joined FCB Position Answer % Correct
2018-2021 2004 RW Messi
94%
2024-2025 2014 GK Ter Stegen
94%
2014-2015 1998 CM Xavi
94%
2015-2015 2002 CM Iniesta
93%
2004-2014 1999 CB Puyol
91%
2021-2023 2008 DM Busquets
89%
1997-2001 1990 CM Guardiola
48%
2023-2024 2006 DM Roberto
48%
2002-2004 1991 AM Enrique
20%
2001-2002 1993 LB Barjuán
7%
No matching quizzes found
Score Distribution
Percent of People with Each Score
Percentile by Number Answered
Your Score History
You have not taken this quiz